| 000 | 00000nam 2200000zi 4500 |
| 001 | 9.928600 |
| 003 | CaOODSP |
| 005 | 20250206125415 |
| 006 | m o d f |
| 007 | cr |n||||||||| |
| 008 | 231012s2023 onc ob f|0| 0 fre d |
| 040 | |aCaOODSP|bfre|erda|cCaOODSP |
| 043 | |an-cn--- |
| 086 | 1 |aA104-392/2023F-PDF |
| 245 | 00|aPesticides et métaux dans les produits de légumineuses et les huiles végétales - 1 avril 2019 au 31 mars 2020 : |bchimie alimentaire - études ciblées - rapport final. |
| 264 | 1|a[Ottawa] : |bAgence canadienne d'inspection des aliments = Canadian Food Inspection Agency, |c[2023] |
| 300 | |a1 ressource en ligne (16 pages) |
| 336 | |atexte|btxt|2rdacontent/fre |
| 337 | |ainformatique|bc|2rdamedia/fre |
| 338 | |aressource en ligne|bcr|2rdacarrier/fre |
| 500 | |aPublié aussi en anglais sous le titre : Pesticides and metals in legume products and vegetable oils – April 1, 2019 to March 31, 2020: food chemistry - targeted surveys – final report. |
| 504 | |aComprend des références bibliographiques (page 13). |
| 650 | 6|aLégumes|xContamination|zCanada. |
| 650 | 6|aPesticides|xRésidus dans les aliments|zCanada. |
| 650 | 6|aÉléments traces métalliques|zCanada|xAnalyse. |
| 710 | 2 |aAgence canadienne d'inspection des aliments, |eorganisme de publication. |
| 775 | 08|tPesticides and metals in legume products and vegetable oils - April 1, 2019 to March 31, 2020 : |w(CaOODSP)9.928599 |
| 856 | 40|qPDF|s750 Ko|uhttps://publications.gc.ca/collections/collection_2023/acia-cfia/A104-392-2023-fra.pdf |
| 856 | 41|qHTML|sS.O.|uhttps://inspection.canada.ca/salubrite-alimentaire-pour-l-industrie/chimie-et-microbiologie-alimentaires/rapports-d-analyse-et-articles-de-revues-sur-la-sa/pesticides-et-metaux/fra/1689277849195/1689277849601 |